Which flag is that? #0 - Statistics

General Stats
  • This quiz has been taken 9 times
  • The average score is 12 of 30
Answer Stats
Picture Answer % Correct
Aztec Empire
75%
French Guiana Civil Flag
75%
Greater Republic of Central America
75%
Iroquois
75%
Mexican Empire
75%
Yucatan
75%
Adal Sultnate
50%
Bophuthatswana
50%
Chechnya
50%
Japanese Communist Party
50%
Orange Free State
50%
Sikkim
50%
Tannu Tuva
50%
Acre
25%
Araucania and Patagonia
25%
Barotseland
25%
Chan Santa Cruz
25%
Federation of Arab Republics
25%
Franceville
25%
Green Ukraine
25%
Guatemala
25%
Hanover
25%
Muskogee
25%
North Carolina
25%
Rarotonga
25%
Saxony
25%
South Kasai
25%
Tooro
25%
United Principalities
25%
Vermont
25%
No matching quizzes found
Score Distribution
Percent of People with Each Score
Percentile by Number Answered
Your Score History
You have not taken this quiz